| 000 | 00615nam a22002057a 4500 | ||
|---|---|---|---|
| 999 |
_c6156 _d6156 |
||
| 003 | OSt | ||
| 005 | 20210407161653.0 | ||
| 008 | 181004b xxu||||| |||| 00| 0 eng d | ||
| 020 | _a1569734437 | ||
| 040 | _cDDC. | ||
| 082 | _a577 WOR 2000 | ||
| 100 |
_aUNDP _912713 |
||
| 245 |
_aWorld Resources 2000-2001:people and ecosystems, _bthe fraying web of life: |
||
| 260 | _aWahington,DC;World Resources Institute,2000. | ||
| 300 |
_aix,389p; _bill; _c26cm. |
||
| 504 | _aAcronyms,Acknowledgement,references and index are included. | ||
| 650 |
_aEcosystems. _912714 |
||
| 650 |
_aEcology _9544 |
||
| 942 |
_2ddc _cO_SHELF |
||